000 01428 a2200229 4500
001 24910
005 20260407155531.0
008 260407a1968 arg spa d
003 AR-UNSa-BCEJYS
040 _aAR-UNSa-BCEJYS
_bspa
_cAR-UNSa-BCEJYS
080 _a330.8
_xHistoria de las teorías, Doctrinas, Dogmas económicos (pensamiento económico)
245 1 0 _aLa teoría económica en retrospección
264 1 _aBarcelona :
_bLuis Miracle
_c1968
300 _a907 p.
_c22 cm.
505 _a1. La economía preadamita - 2. Adam Smith - 3. Población, rendimientos decrecientes y renta - 4. El sistema de Ricardo - 5. La ley de Say y la teoría monetaria clásica - 6. John Stuart Mill - 7. Economía marxista - 8. Jevons y la revolución marginal - 9. Economía marshalliana: utilidad y demanda - 10. Economía marshalliana: coste y oferta - 11. La teoría de la distribución basada en la productividad marginal - 12. La teoría austríaca del capital y del interés - 13. El equilibrio general y la economía del bienestar - 14. Teoría neoclásica del dinero, el interés y los precios - 15. Keynes "versus" los clásicos
942 _cBK
590 _aniveau_biblio:m niveau_hierar:0
100 1 _aBlaug, Mark
700 1 _aEstartús, Mario
700 1 _aArau, José Maria
856 4 1 _uhttps://biblioeco.unsa.edu.ar/pmb/images/libros/La teoria Economica en retrospeccion (l23422).jpg
_yImagen de portada
_qimage/jpeg
999 _c1234
_d1234